000 00385nam a2200157Ia 4500
008 231217s9999 xx 000 0 und d
020 _a8178812819
041 _aEnglish
082 _a332.1 NAG;2 R1
100 _aNageswara Rao, Katuri ed.
245 0 _aNew basel accord
260 _c2004
_bICFAI Press
_aHyderabad
300 _avii, 170+A11
650 _aaccord
942 _cAA
999 _c191624
_d191624